000 01083nam0a22002531 4500
001 rc\3300512
005 20130115145755.2
021 _aRU
_b[71-87481]
035 _a(NLR Aleph) 007500236
090 _a7663458
_c7663458
100 _a20130115d1971 |||y0rusy50 ca
101 0 _arus
102 _aRU
105 _aa z |||||
200 1 _aОсновы технологии производства литых заготовок деталей машин и приборов
_e(Учеб. пособие)
_fМ-во высш. и сред. спец. образования РСФСР. Моск. ин-т нар. хоз-ва им. Г.В. Плеханова. Кафедра технологии важнейших отраслей пром-сти
210 _aМосква
_cБ. и.
_d1971
215 _a66 с., 1 л. табл.
_cил.
_d21
606 _aЛитейное производство
_2psbo
700 1 _aДарер
_bА. С.
_gАбрам Самойлович
801 0 _aRU
_bNLR
_gpsbo
801 1 _aRU
_bELAR
_2rusmarc
852 _aNLR
_j71-6/7593
942 _cBOOK
980 _aNB